00000000nam 2200000zi 4500
0019.931905
003CaOODSP
00520241119113044
006m     o  d f      
007cr |n|||||||||
008231229e197804##qucb    ob   f|0| 0 fre d
040 |aCaOODSP|bfre|erda|cCaOODSP
043 |an-cn-qu
0861 |aCW66-1456/1978F-PDF
1001 |aBourget, André, |eauteur.
24510|aEstimations préliminaires des populations de sauvagine du Nouveau-Québec / |cAndré Bourget, Jean-Luc Desgranges, Denis Lehoux.
264 1|a[Sainte-Foy, Québec] : |bService canadien de la faune, |cavril 1978.
300 |a1 ressource en ligne (2, [1] pages) : |bcarte
336 |atexte|btxt|2rdacontent/fre
337 |ainformatique|bc|2rdamedia/fre
338 |aressource en ligne|bcr|2rdacarrier/fre
500 |aÉdition numérisée de l’imprimé [par Environnement et changement climatique Canada].
504 |aComprend des références bibliographiques (page 1).
650 6|aGibier d'eau|xAménagement|zQuébec (Province)
650 6|aOiseaux|xPopulations|xEstimation|zQuébec (Province)
650 0|aWaterfowl management|zQuébec (Province)
650 0|aBird populations|xEstimates|zQuébec (Province)
7102 |aService canadien de la faune, |eorganisme de publication.
85640|qPDF|s222 Ko|uhttps://publications.gc.ca/collections/collection_2024/eccc/cw66/CW66-1456-1978-fra.pdf